Homenage [sic] á Calderón (Record no. 21557)

MARC details
000 -LEADER
campo de control de longitud fija 00857nam a2200205 i 4500
001 - NÚMERO DE CONTROL
campo de control 21557
003 - IDENTIFICADOR DE NÚMERO DE CONTROL
campo de control ES-MaACL
005 - FECHA Y HORA DE LA ÚLTIMA TRANSACCIÓN
campo de control 20250131235129.0
007 - CAMPO FIJO DE DESCRIPCIÓN FÍSICA--INFORMACIÓN GENERAL
campo de control de longitud fija t|
008 - DATOS DE LONGITUD FIJA--INFORMACIÓN GENERAL
campo de control de longitud fija 021126s1881 sp |||| |dspa d
110 2# - ENTRADA PRINCIPAL--NOMBRE DE ENTIDAD CORPORATIVA
Nombre de entidad corporativa o nombre de jurisdicción como elemento de entrada Liceo Escolar Matritense (Madrid)
9 (RLIN) 141884
245 10 - MENCIÓN DEL TÍTULO
Título Homenage [sic] á Calderón
Resto del título : álbum de las composiciones leídas en la velada literaria que para conmemorar el segundo centenario de la muerte del ilustre autor de "La vida es sueño" /
Mención de responsabilidad, etc. celebró el Liceo Escolar Matritense, el día 24 de mayo de 1881.
246 3# - FORMA VARIANTE DEL TITULO
Título propio/Titulo breve Homenaje a Calderón
260 ## - PUBLICACIÓN, DISTRIBUCIÓN, ETC.
Lugar de publicación, distribución, etc. Madrid :
Nombre del editor, distribuidor, etc. [s.n.],
Fecha de publicación, distribución, etc. 1881 (
Fabricante Imp. de la Viuda é hijo de Aguado)
300 ## - DESCRIPCIÓN FÍSICA
Extensión 116 p. ;
Dimensiones 21 cm.
600 14 - PUNTO DE ACCESO ADICIONAL DE MATERIA--NOMBRE DE PERSONA
Nombre de persona Calderón de la Barca, Pedro-
Subdivisión de forma Aniversarios y centenarios
9 (RLIN) 33612
650 14 - PUNTO DE ACCESO ADICIONAL DE MATERIA--TÉRMINO DE MATERIA
Término de materia o nombre geográfico como elemento de entrada
9 (RLIN) 239519
852 ## - LOCALIZACIÓN
Ubicación ES-MaACL
Número de control de estantería T-429-F-2
Holdings
Estatus retirado Estado de pérdida Estado de daño No para préstamo Colección Biblioteca de origen Biblioteca actual Ubicación en estantería Fecha de adquisición Fuente de adquisición Total de préstamos Signatura topográfica completa Código de barras Visto por última vez Precio de reemplazo Tipo de ítem Koha
        Colección de folletos Biblioteca del Ateneo de Madrid Biblioteca del Ateneo de Madrid Depósito folletos 17/01/2008     T-429-F-2 1022155 23/02/2023 23/02/2023 Folleto